000
00299nam a2200145Ia 4500
100
_a
Kulkarni
942
_c
BK
654
_a
Applied Mechanics
245
_a
Applied Mechanics
260
_b
Pragati Prakashan
_a
Poona
082
_a
620.1
_b
Kul
300
_a
169
546
_a
ENGLISH
999
_c
19310
_d
19310